| 000 | 01008cab a22002175a 4500 | ||
|---|---|---|---|
| 001 | L140435 | ||
| 008 | 070924e20070915xxk f 000 0 eng d | ||
| 035 | _a(Sirsi) u140435 | ||
| 041 | 0 | _aeng | |
| 100 | 1 | _aStell, Patrick | |
| 245 | 0 | 0 | _aBring it into sharper focus |
| 260 | _c2007 | ||
| 490 | 0 |
_aEstates Gazette _v(0737) 15 September 2007, 224-226(2) |
|
| 520 | _aExamines the draft version of the RICS "Guidance note on dilapidations" (5th ed.), highlighting the positive and negative feedback from surveyors. Looks at the role of the surveyor in a dilapidations claim, incentivised fees, appointment of sub-consultants, the role of the valuer, finalisation of binding agreements, surveyor's due diligence, protocol, landlord surveyor's assessment of its client's loss, and the role of lawyers. | ||
| 590 | _aKA | ||
| 650 | 2 | 4 | _aRICS DILAPIDATIONS GUIDANCE NOTE |
| 651 | 4 |
_aEngland and Wales _y1543- |
|
| 690 | _aPROPERTY-LANDLORD AND TENANT-DILAPIDATIONS | ||
| 700 | 1 | _aFirn, Keith | |
| 942 | _n0 | ||
| 999 |
_c79269 _d79269 |
||